000 00832nam a2200265 4500
001 30791
003 BD-RjUL
005 20211209051622.0
008 140412s1951 nyu b 001 0beng d
020 _a0374940371
035 _a(BD-RjUL) 30878
040 _aDLC
_cDLC
_dDLC
_dBD-RjUL
_beng
041 _aeng
082 0 0 _a301.0924
_bHUG 1951
100 1 _aHumphrey, Richard D.
_993555
245 0 0 _aGeorges Sorel: prophet without honor :
_ba study in anti-intellectualism /
_cby Richard Humphrey.
260 _aNew York :
_bOctagon Books,
_cc1951.
300 _a244 p. ;
_c23 cm.
504 _aIncludes bibliographical references. and Index
600 1 0 _aSorel, Georges,
_d1847-1922.
_914122
942 _2ddc
_cBK
999 _c30791
_d30791